[Event "Hull 4NCL op-C"]
[Site "Hull"]
[Date "2023.09.10"]
[Round "5"]
[White "Johnson, Stanley"]
[Black "Scotter, John"]
[Result "0-1"]
[WhiteElo "1410"]
[BlackElo "1526"]
[PlyCount "60"]
[EventDate "2023.09.08"]
[EventType "swiss"]
[EventRounds "5"]
[EventCountry "ENG"]
[SourceTitle "EXT 2024"]
[Source "ChessBase"]
[SourceDate "2023.10.10"]
[SourceVersion "1"]
[SourceVersionDate "2023.10.10"]
[SourceQuality "1"]

1. d4 d5 2. c4 e6 3. Nc3 Nf6 4. Nf3 Be7 5. e3 c5 6. Bd3 0-0 7. 0-0 Nc6 8. Qb3 Z0 9. a3 dxc4 10. Bxc4 cxd4 11. exd4 Nd5 12. Bd3 Bf6 13. Qc2 g6 14. Be3 a6 15. Ne4 Nxe3 16. fxe3 Bg7 17. Qf2 Ne7 18. Nfg5 Nf5 19. g4 Nxe3 20. Nxf7 Bxd4 21. Nxd8 Rxf2 22. Rxf2 Nxg4 23. Raf1 Nxf2 24. Nxf2 Bd7 25. Nxb7 a5 26. Nd6 Rb8 27. Nde4 Rxb2 28. Rc1 Kf7 29. Rc7 Ke7 30. Rc4 Bb6 0-1

[Event "Northumberland-ch Gilroy"]
[Site "Northumberland"]
[Date "2018.11.24"]
[Round "2"]
[White "Wells, Peter K"]
[Black "Johnson, Stanley"]
[Result "1/2-1/2"]
[WhiteElo "111"]
[BlackElo "103"]
[PlyCount "89"]
[EventDate "2018.10.27"]
[EventType "swiss"]
[EventRounds "7"]
[EventCountry "ENG"]
[SourceTitle "EXT 2020"]
[Source "ChessBase"]
[SourceDate "2019.10.17"]
[SourceVersion "1"]
[SourceVersionDate "2019.10.17"]
[SourceQuality "1"]

1. c4 e5 2. Nc3 Nf6 3. Nf3 d6 4. g3 Be7 5. Bg2 0-0 6. d3 Nbd7 7. 0-0 c6 8. a3 Rb8 9. b4 b6 10. e4 Qc7 11. Ne1 Bb7 12. f4 b5 13. f5 bxc4 14. dxc4 Ba6 15. Be3 Bxc4 16. Rf2 a5 17. g4 axb4 18. axb4 Rxb4 19. g5 Bb3 20. Qf3 Nxe4 21. Nxe4 Bd5 22. Qh5 Bxe4 23. Bxe4 Rxe4 24. Ra7 Qd8 25. Rf3 Rxe3 26. Rxe3 Qb6 27. Raa3 d5 28. Rab3 Qa7 29. Kf1 Qa6+ 30. Re2 Qc4 31. Rh3 Qf4+ 32. Rf2 Qc4+ 33. Kg1 h6 34. gxh6 Nf6 35. Qg5 Qg4+ 36. Qxg4 Nxg4 37. Rg2 Bc5+ 38. Kf1 Ne3+ 39. Rxe3 Bxe3 40. Rxg7+ Kh8 41. Rg3 Bxh6 42. Nd3 e4 43. Ne5 c5 44. Rh3 Kh7 45. Ng4 1/2-1/2

[Event "BCF-ch U120"]
[Site "Coventry"]
[Date "2015.08.06"]
[Round "4"]
[White "Jestico, John V"]
[Black "Johnson, Stanley"]
[Result "1-0"]
[WhiteElo "108"]
[BlackElo "108"]
[PlyCount "97"]
[EventDate "2015.08.03"]
[EventType "swiss"]
[EventRounds "5"]
[EventCountry "ENG"]
[SourceTitle "CBM 167 Extra"]
[Source "ChessBase"]
[SourceDate "2015.09.14"]
[SourceVersion "1"]
[SourceVersionDate "2015.09.14"]
[SourceQuality "1"]

1. c4 e5 2. Nc3 Bb4 3. Qb3 a5 4. a3 Bxc3 5. Qxc3 d6 6. g3 Nf6 7. Bg2 Nbd7 8. d3 0-0 9. e3 Qe7 10. b4 a4 11. Bb2 Ra7 12. Ne2 c6 13. Rc1 Re8 14. Qc2 Nf8 15. Nc3 Be6 16. 0-0 d5 17. c5 e4 18. d4 Rea8 19. b5 cxb5 20. Nxb5 Ra6 21. Rfe1 Ne8 22. Bf1 Rc6 23. Nc3 Nc7 24. Nb5 Nxb5 25. Bxb5 Rc7 26. Bc3 Bh3 27. Bf1 Bg4 28. Bg2 Rc6 29. Rb1 Ne6 30. h3 Bh5 31. Rf1 Qd7 32. f4 f5 33. Rb2 g5 34. Rfb1 Ra7 35. Rb4 gxf4 36. exf4 Qg7 37. Qf2 Nf8 38. Be1 Rg6 39. Qa2 Qf7 40. Rb6 Bf3 41. Rxg6+ Qxg6 42. Qxd5+ Qe6 43. Qxe6+ Nxe6 44. Bf2 Be2 45. Be3 Bd3 46. Rb4 Kf7 47. d5 Nd8 48. c6 bxc6 49. Rb8 1-0

[Event "BCF-ch U120"]
[Site "Coventry"]
[Date "2015.08.05"]
[Round "3"]
[White "Johnson, Stanley"]
[Black "Malam, Joel D"]
[Result "1-0"]
[WhiteElo "108"]
[BlackElo "103"]
[PlyCount "101"]
[EventDate "2015.08.03"]
[EventType "swiss"]
[EventRounds "5"]
[EventCountry "ENG"]
[SourceTitle "CBM 167 Extra"]
[Source "ChessBase"]
[SourceDate "2015.09.14"]
[SourceVersion "1"]
[SourceVersionDate "2015.09.14"]
[SourceQuality "1"]

1. d4 d5 2. c4 e6 3. Nc3 Nf6 4. Nf3 Be7 5. e3 0-0 6. Bd3 a6 7. 0-0 c5 8. cxd5 exd5 9. b3 Bg4 10. Bb2 Nc6 11. dxc5 Bxc5 12. Rc1 Ba7 13. Re1 Qb6 14. Na4 Qd8 15. Nc5 Bxc5 16. Rxc5 Nb4 17. Bb1 Qe7 18. Rc1 Rfe8 19. a3 Nc6 20. h3 Bh5 21. Bxf6 Qxf6 22. Qxd5 Bxf3 23. Qxf3 Qxf3 24. gxf3 Ne5 25. Kg2 Rac8 26. f4 Nc6 27. Red1 Red8 28. b4 Rxd1 29. Rxd1 Rd8 30. Bd3 Kf8 31. Kf3 g5 32. fxg5 Rd5 33. h4 Kg7 34. Ke2 b6 35. Bxa6 Rxd1 36. Kxd1 Kg6 37. Be2 Ne7 38. e4 Nc6 39. f4 Kg7 40. Kd2 Ne7 41. f5 f6 42. Kd3 Nc6 43. Kc4 Ne5+ 44. Kb5 Nd7 45. Kc6 Ne5+ 46. Kxb6 h5 47. a4 Kf7 48. a5 Ke7 49. a6 Kd7 50. Kb7 Ke7 51. a7 1-0

[Event "BCF-ch U140"]
[Site "Coventry"]
[Date "2015.07.28"]
[Round "2"]
[White "Dicks, Steve"]
[Black "Johnson, Stanley"]
[Result "0-1"]
[WhiteElo "126"]
[BlackElo "108"]
[PlyCount "52"]
[EventDate "2015.07.27"]
[EventType "swiss"]
[EventRounds "5"]
[EventCountry "ENG"]
[SourceTitle "EXT 2016"]
[Source "ChessBase"]
[SourceDate "2015.10.08"]
[SourceVersion "1"]
[SourceVersionDate "2015.10.08"]
[SourceQuality "1"]

1. d4 Nf6 2. c4 d5 3. Nc3 c6 4. e3 e6 5. a3 Be7 6. Nf3 Nbd7 7. cxd5 cxd5 8. Bd3 a6 9. 0-0 0-0 10. e4 dxe4 11. Nxe4 Nxe4 12. Bxe4 Nf6 13. Bc2 b5 14. Ne5 Bb7 15. Bb3 a5 16. Be3 Rc8 17. Rc1 Nd5 18. Bxd5 Qxd5 19. Qg4 Bf6 20. f4 Qb3 21. Qe2 Qd5 22. Nd3 Bxd4 23. Bxd4 Qxd4+ 24. Kh1 Qd5 25. Ne5 Rfd8 26. Rcd1 Qe4 0-1

[Event "BCF-ch U140"]
[Site "Aberystwyth"]
[Date "2014.07.22"]
[Round "2"]
[White "Camp, Syringa Lyn"]
[Black "Johnson, Stanley"]
[Result "0-1"]
[WhiteElo "137"]
[BlackElo "109"]
[PlyCount "110"]
[EventDate "2014.07.21"]
[EventType "swiss"]
[EventRounds "5"]
[EventCountry "WLS"]
[SourceTitle "EXT 2017"]
[Source "ChessBase"]
[SourceDate "2016.10.25"]
[SourceVersion "1"]
[SourceVersionDate "2016.10.25"]
[SourceQuality "1"]

1. e4 d5 2. exd5 Nf6 3. Bc4 Nxd5 4. d4 c6 5. f4 e6 6. Nf3 Bd6 7. 0-0 Qc7 8. Bb3 Nd7 9. c4 N5f6 10. Ne5 0-0 11. Nc3 b6 12. Qd3 Bb7 13. Bc2 Rad8 14. Nxd7 Rxd7 15. Ne4 Nxe4 16. Qxe4 g6 17. b3 c5 18. Qe3 Qc6 19. Qh3 cxd4 20. Bb2 Bc5 21. Bd3 f5 22. a3 a5 23. Rae1 Re7 24. Re2 Rfe8 25. Rfe1 Qd6 26. Re5 Bxa3 27. Bxa3 Qxa3 28. Rb5 Qd6 29. Ree5 Ba6 30. c5 bxc5 31. Rbxc5 Rc8 32. Rxa5 Rc1+ 33. Kf2 Bxd3 34. Qxd3 Rc3 35. Qa6 Rc2+ 36. Kg3 Qb4 37. Qa8+ Kf7 38. Rab5 Qc3+ 39. Kh4 Qd2 40. Qf3 Rc3 41. Rxf5+ Kg7 42. Qe4 Qf2+ 43. Kg4 gxf5+ 44. Rxf5 exf5+ 45. Qxf5 Qxg2+ 46. Kh4 Qxh2+ 47. Kg5 Rg3+ 48. Qg4 Rxg4+ 49. Kxg4 d3 50. f5 d2 51. Kg5 Qh6+ 52. Kg4 d1Q+ 53. Kg3 Qe3+ 54. Kg2 Qde2+ 55. Kh1 Qc1# 0-1